书目信息 |
| 题名: |
泰国总理塔信传奇
|
|
| 作者: | 刘志杰 编著 | |
| 分册: | ||
| 出版信息: | 北京 世界知识出版社 2005.10 |
|
| 页数: | 234页, [4] 页图板 | |
| 开本: | 22cm | |
| 丛书名: | ||
| 单 册: | ||
| 中图分类: | K833.367=76 | |
| 科图分类: | ||
| 主题词: | 政治人物--zheng zhi ren wu--生平事迹--泰国--现代 | |
| 电子资源: | ||
| ISBN: | 7-5012-2675-X | |
| 000 | 00923nam0 2200241 450 | |
| 001 | 012006749718 | |
| 005 | 20061129160609.59 | |
| 010 | @a7-5012-2675-X@dCNY28.00 | |
| 100 | @a20061029d2005 km y0chiy0120 ea | |
| 101 | 0 | @achi |
| 102 | @aCN@b110000 | |
| 105 | @aaf z 000yy | |
| 200 | 1 | @a泰国总理塔信传奇@Atai guo zong li ta xin chuan qi@f刘志杰编著@Fliu zhi jie bian zhu |
| 210 | @a北京@c世界知识出版社@d2005.10 | |
| 215 | @a234页, [4] 页图板@c图@d22cm | |
| 314 | @a刘志杰,(1963~),男,1985年进入外交部工作,主管泰国事务。 | |
| 330 | @a本书以生动的笔触介绍了在2001年大选中胜出的泰国第23位总理塔信·钦那瓦博士从小到大的成长历程生,展示了他作为成功的政治家、企业家独特的魅力。 | |
| 600 | 0 | @a塔信,@Ata xin,@f1949-@x生平事迹 |
| 606 | 0 | @a政治人物@Azheng zhi ren wu@x生平事迹@y泰国@z现代 |
| 690 | @aK833.367=76@v4 | |
| 701 | 0 | @a刘志杰@Aliu zhi jie@4编著 |
| 801 | 0 | @aCN@c20061129 |
| 905 | @a10447@dK833.367=76@eT028 | |
| 泰国总理塔信传奇/刘志杰编著.-北京:世界知识出版社,2005.10 |
| 234页, [4] 页图板:图;22cm |
| ISBN 7-5012-2675-X:CNY28.00 |
| 本书以生动的笔触介绍了在2001年大选中胜出的泰国第23位总理塔信·钦那瓦博士从小到大的成长历程生,展示了他作为成功的政治家、企业家独特的魅力。 |
| ● |
| 相关链接 |
|
|
|
正题名:泰国总理塔信传奇
索取号:K833.367=76/T028
 
预约/预借
| 序号 | 登录号 | 条形码 | 馆藏地/架位号 | 状态 | 备注 |
| 1 | 224787 | 202247871 | 社科库309/309社科库 60排7列3层/ [索取号:K833.367=76/T028] | 在馆 | |
| 2 | 224788 | 202247880 | 社科库309/309社科库 60排7列3层/ [索取号:K833.367=76/T028] | 在馆 | |
| 3 | 224789 | 202247899 | 社科库309/309社科库 60排7列3层/ [索取号:K833.367=76/T028] | 在馆 |